| 000 | 02204nam a2200289Ia 4500 | ||
|---|---|---|---|
| 999 |
_c36617 _d36617 |
||
| 001 | 2537 | ||
| 003 | GE_BSU | ||
| 005 | 20230901164001.0 | ||
| 008 | 181216s2008||||ge |||||||||||||| ||geo|| | ||
| 040 | _cGE_BSU | ||
| 041 | _ageo | ||
| 080 | _a811.111(038)+811.353.1(038) ი–54 | ||
| 245 |
_aინგლისურ-ქართული ლექსიკონი = English-Georgian dictionary. რვეული 13 : _bO / _c თბილისის ივ. ჯავახიშვილის სახ. სახელმწ. უნ-ტი ; O ასოს შედგენაზე მუშაობდნენ: ნ. მამაცაშვილი, ნ. ძოწენიძე, ნ. კვერნაძე [და სხვ.] ; მასალა გადაამუშავეს და რედაქცია დაურთეს: თ. მარგალიტაძემ ; პირველადი რედაქცია: ნ. კვერნაძემ, ხ. გურიელმა. |
||
| 264 |
_aთბილისი, _c2008. |
||
| 300 |
_a128 გვ.; _b28სმ. |
||
| 653 | _aინგლისურ–ქართული ლექსიკონი | ||
| 700 |
_aმამაცაშვილი, ნ. _eშემდგენელი _91620 |
||
| 700 |
_aძოწენიძე, ნ. _eშემდგენელი _916536 |
||
| 700 |
_aკვერნაძე, ნ. _eშემდგენელი, რედაქტორი. _919756 |
||
| 700 |
_aმარგალიტაძე, თინათინ _e შემდგენელი, რედაქტორი, გამომცემელი. _96114 |
||
| 700 |
_aკურტანიძე, მ. _eშემდგენელი _919745 |
||
| 700 |
_aანთელავა, გ. _eშემდგენელი _919741 |
||
| 700 |
_aფარულავა, თ. _eრედაქტორი, შემდგენელი _919757 |
||
| 700 |
_aგურიელი, ხ. _eრედაქტორი. _919758 |
||
| 710 |
_aთბილისის ივ. ჯავახიშვილის სახ. სახელმწ. უნ-ტი. _919759 |
||
| 942 |
_cBK _2udc |
||